| 000 | 02244nam a22002777a 4500 | ||
|---|---|---|---|
| 999 |
_c12056 _d12056 |
||
| 003 | Ge_BSU | ||
| 005 | 20190420191452.0 | ||
| 008 | 181216s2017 ge ||||| |||| 00| 0 geo d | ||
| 041 | _ageo | ||
| 080 | _a2 | ||
| 245 |
_aრუმინეთის, ბულგარეთის, ავსტრიის, ლატვიის, ლიტვის, ესტონეთის, მოლდავეთის, სომხეთის, აზერბაიჯანის, რუსეთისა და ბელორუსიის კანონმდებლობა რელიგიისა და რწმენის თავისუფლების შესახებ : _bწიგნი III / _cრელიგიის საკითხთა სახელმწიფო სააგენტო ; მთ. რედ.: ზაზა ვაშაყმაძე ; რედ.: მერი ლომია ; მთარგმნ. : ზაზა ვაშაყმაძე, არჩილ მეტრეველი,არჩილ გორხელაშვილი, დავით დავითაშვილი. |
||
| 264 |
_aთბილისი : _bრელიგიის საკითხთა სახელმწიფო სააგენტო, _c2017. |
||
| 300 | _a160 გვ. | ||
| 490 | _aრელიგია და სამართალი | ||
| 653 | _aრელიგია | ||
| 653 | _aსამართალი | ||
| 653 | _aისტორია | ||
| 700 |
_aვაშაყმაძე, ზაზა _eმთ.რედაქტორი _958 |
||
| 700 |
_aლომია, მერი _eრედაქტორი _959 |
||
| 700 |
_aვაშაყმაძე, ზაზა _eმთარგმნელი _958 |
||
| 700 |
_aმეტრეველი, არჩილ _eმთარგმნელი _960 |
||
| 700 |
_aგორხელაშვილი, არჩილ _eმთარგმნელი _961 |
||
| 700 |
_aდავითაშვილი, დავით _eმთარგმნელი _962 |
||
| 710 |
_aრელიგიის საკითხთა სახელმწიფო სააგენტო _963 |
||
| 942 |
_2udc _cBK |
||